Economic bulletin for Europe

Guardado en:
Detalles Bibliográficos
Formato: Seriadas
Lenguaje:lenguas múltiples
Publicado: Geneva United Nations 1963
Etiquetas: Agregar Etiqueta
Sin Etiquetas, Sea el primero en etiquetar este registro!

MARC

LEADER 00000nas2a2200000 4500
001 0011204
005 20250730114820.2
022 |a 0041-638X 
041 0 |a mul 
044 |a US 
245 1 0 |a Economic bulletin for Europe 
264 1 |a Geneva  |b United Nations  |c 1963 
773 0 |w eu_un_cat*0011198